Á lódáil...
Complete A-Z psychology handbook
| Príomhúdar: | |
|---|---|
| Formáid: | Printed Book |
| Teanga: | English |
| Foilsithe: |
London?
Hodder &Stoughton
2003
|
| Eagrán: | 3 |
| Ábhair: |
| LEADER | 00568nam a22001817a 4500 | ||
|---|---|---|---|
| 005 | 20200624133648.0 | ||
| 008 | 170615b xxu||||| |||| 00| 0 eng d | ||
| 020 | |a 0340872691 | ||
| 082 | |a 150 | ||
| 100 | |a Cardwell, Mike | ||
| 245 | |a Complete A-Z psychology handbook |c Mike Cardwell | ||
| 250 | |a 3 | ||
| 260 | |a London? |b Hodder &Stoughton |c 2003 | ||
| 300 | |a 300p. | ||
| 650 | 0 | |a Psychology | |
| 942 | |2 ddc |c REF | ||
| 999 | |c 278570 |d 278570 | ||
| 952 | |0 0 |1 0 |2 ddc |4 0 |6 150_000000000000000_CAR_C |7 0 |9 313254 |a SDE |b SDE |c REF |d 2017-06-15 |l 0 |o 150 CAR/C |p SDE2683 |r 2017-06-15 |w 2017-06-15 |y REF | ||